Theoretical aspect of the game theory on the labour market

Využitie teórie hier na trhu práce. Príspevok sa pokúša zistiť, ako zamestnávateľ môže riešiť situáciu pri hľadaní a najímaní nových zamestnancov a určení úrovne ich miezd.

Enregistré dans:
Détails bibliographiques
Auteur principal: Kovárová Martišková, Alžbeta
Format: Chapitre de livre
Langue:anglais
Sujets:
Tags: Ajouter un tag
Pas de tags, Soyez le premier à ajouter un tag!

MARC

LEADER 00000nla$a2200000$$$4500
001 0226555
005 20240502073728.9
041 0 |a eng 
044 |a SK 
245 1 0 |a Theoretical aspect of the game theory on the labour market  |c Alžbeta Martišková 
520 |a Využitie teórie hier na trhu práce. Príspevok sa pokúša zistiť, ako zamestnávateľ môže riešiť situáciu pri hľadaní a najímaní nových zamestnancov a určení úrovne ich miezd. 
610 2 0 |a trh práce 
610 2 0 |a zamestnávatelia 
610 2 0 |a zamestnanci 
610 2 0 |a pracovníci noví 
610 2 0 |a mzdy 
610 2 0 |a teória hier 
100 1 |a Kovárová Martišková, Alžbeta